[Event "Mittelfranken-chTB2b 1213"]
[Site "Germany"]
[Date "2013.02.11"]
[Round "7.5"]
[White "Horndasch, Lulu"]
[Black "Wirth, Karl Heinz"]
[Result "0-1"]
[WhiteElo "1583"]
[BlackElo "1868"]
[PlyCount "68"]
[EventDate "2012.10.07"]
[EventType "team-tourn"]
[EventRounds "9"]
[EventCountry "GER"]
[SourceTitle "EXT 2019"]
[Source "ChessBase"]
[SourceDate "2018.10.10"]
[SourceVersion "1"]
[SourceVersionDate "2018.10.10"]
[SourceQuality "1"]
[WhiteTeam "Gunzenhausen/Weissenburg II"]
[BlackTeam "Muehlhof/Schwabach"]
[WhiteTeamCountry "GER"]
[BlackTeamCountry "GER"]

1. e4 e5 2. Nf3 f5 3. d3 d6 4. Nc3 Nf6 5. exf5 Bxf5 6. Nh4 Be6 7. b3 Be7 8. Be2 0-0 9. 0-0 Nc6 10. Bb2 Nd4 11. Nf3 Nxe2+ 12. Qxe2 c5 13. Rad1 Bd7 14. Rfe1 Qe8 15. Qd2 Qh5 16. Ne4 Bg4 17. Ng3 Qe8 18. h3 Bxf3 19. gxf3 Nd5 20. c4 Nf4 21. Kh2 Qd7 22. Qxf4 Rxf4 23. Kg2 Raf8 24. Re3 Bh4 25. Ne4 Qf5 26. Nd2 Rf6 27. Rh1 Rg6+ 28. Kf1 Qg5 29. Ke2 Bxf2 30. Ne4 Rxe4 31. Rxe4 Qg2 32. Rf1 Bh4+ 33. Ke3 Qxf1 34. Rg4 Qe1# 0-1

[Event "Mittelfranken-chTB2b 1213"]
[Site "Germany"]
[Date "2012.10.21"]
[Round "2.6"]
[White "Lenz, Harald"]
[Black "Horndasch, Lulu"]
[Result "1-0"]
[WhiteElo "1770"]
[BlackElo "1583"]
[PlyCount "120"]
[EventDate "2012.10.07"]
[EventType "team-tourn"]
[EventRounds "9"]
[EventCountry "GER"]
[SourceTitle "EXT 2019"]
[Source "ChessBase"]
[SourceDate "2018.10.10"]
[SourceVersion "1"]
[SourceVersionDate "2018.10.10"]
[SourceQuality "1"]
[WhiteTeam "Nuernberg NT IV"]
[BlackTeam "Gunzenhausen/Weissenburg II"]
[WhiteTeamCountry "GER"]
[BlackTeamCountry "GER"]

1. d4 b6 2. Nf3 Bb7 3. e3 d6 4. g3 Nd7 5. Bg2 g6 6. 0-0 e6 7. b3 Be7 8. Bb2 h5 9. h4 g5 10. hxg5 Bxg5 11. Nxg5 Qxg5 12. Bxb7 Rb8 13. Bg2 h4 14. gxh4 Qxh4 15. f3 Ngf6 16. Rf2 Nh5 17. Kf1 Ng3+ 18. Ke1 Nf6 19. Nc3 c5 20. Ne4 Nfxe4 21. fxe4 cxd4 22. Bxd4 e5 23. Bb2 Nxe4 24. Bxe4 Qxe4 25. Qf3 Qg6 26. Kd2 Rc8 27. c3 d5 28. Rg2 Qe6 29. Rag1 Kd7 30. Qg4 f5 31. Qg7+ Qe7 32. Ba3 Qxg7 33. Rxg7+ Kc6 34. R1g2 d4 35. exd4 exd4 36. c4 Rc7 37. Rxc7+ Kxc7 38. Kd3 Rh3+ 39. Kxd4 f4 40. Rf2 f3 41. Ke3 Kc6 42. Rxf3 Rh2 43. Rf2 Rh3+ 44. Kd2 a6 45. Kc2 b5 46. cxb5+ axb5 47. Rf6+ Kd5 48. Rd6+ Ke4 49. Rd2 Rh5 50. Bd6 Rh3 51. Kb2 Rh5 52. Kc3 Ke3 53. a4 bxa4 54. bxa4 Ra5 55. Ra2 Ke4 56. Kb4 Ra6 57. Bc5 Kd5 58. Kb5 Ra8 59. a5 Rb8+ 60. Bb6 Rg8 1-0

[Event "Mittelfranken-ch HT 61st"]
[Site "Weissenburg"]
[Date "2012.04.04"]
[Round "6"]
[White "Horndasch, Lulu"]
[Black "Hummel, Hannes"]
[Result "1-0"]
[WhiteElo "1598"]
[BlackElo "700"]
[PlyCount "31"]
[EventDate "2012.04.02"]
[EventType "swiss"]
[EventRounds "7"]
[EventCountry "GER"]
[SourceTitle "EXT 2015"]
[Source "ChessBase"]
[SourceDate "2014.11.20"]
[SourceVersion "1"]
[SourceVersionDate "2014.11.20"]
[SourceQuality "1"]

1. e4 e6 2. d4 d6 3. Nf3 Nd7 4. Nc3 Ne7 5. Bd3 b6 6. Be3 Bb7 7. 0-0 g6 8. h3 Bg7 9. Nh2 h6 10. f4 a6 11. Qd2 0-0 12. f5 e5 13. Bxh6 Bxh6 14. Qxh6 Re8 15. f6 Nc6 16. Qg7# 1-0

[Event "Mittelfranken-ch HT 61st"]
[Site "Weissenburg"]
[Date "2012.04.04"]
[Round "5"]
[White "Mueller, Roland2222"]
[Black "Horndasch, Lulu"]
[Result "1-0"]
[WhiteElo "1582"]
[BlackElo "1598"]
[PlyCount "83"]
[EventDate "2012.04.02"]
[EventType "swiss"]
[EventRounds "7"]
[EventCountry "GER"]
[SourceTitle "EXT 2015"]
[Source "ChessBase"]
[SourceDate "2014.11.20"]
[SourceVersion "1"]
[SourceVersionDate "2014.11.20"]
[SourceQuality "1"]

1. b3 e5 2. Bb2 Nc6 3. c4 Bc5 4. e3 Nf6 5. a3 e4 6. b4 Be7 7. Nc3 0-0 8. Qc2 Re8 9. Nge2 d5 10. Ng3 d4 11. Ncxe4 Nxe4 12. Nxe4 f5 13. Ng3 f4 14. Nh5 Bg5 15. 0-0-0 g6 16. Nxf4 b5 17. cxb5 Bxf4 18. exf4 Bf5 19. d3 Nxb4 20. axb4 Be6 21. Be2 a5 22. Qc5 Bf7 23. Bf3 Rb8 24. bxa5 Qf6 25. Qxd4 Qxd4 26. Bxd4 Red8 27. Bf6 Rd6 28. Be5 Rd7 29. Bc6 Re7 30. Bc3 Be8 31. Rhe1 Rxe1 32. Rxe1 Bxc6 33. bxc6 Kf7 34. Re4 Rb3 35. Kc2 Ra3 36. Kb2 Rxc3 37. Kxc3 h5 38. a6 h4 39. a7 h3 40. g3 g5 41. a8Q Kg6 42. Qg8+ 1-0

[Event "Mittelfranken-ch HT 61st"]
[Site "Weissenburg"]
[Date "2012.04.03"]
[Round "4"]
[White "Horndasch, Lulu"]
[Black "Trefflich, Marcus"]
[Result "1-0"]
[WhiteElo "1598"]
[BlackElo "1326"]
[PlyCount "81"]
[EventDate "2012.04.02"]
[EventType "swiss"]
[EventRounds "7"]
[EventCountry "GER"]
[SourceTitle "EXT 2015"]
[Source "ChessBase"]
[SourceDate "2014.11.20"]
[SourceVersion "1"]
[SourceVersionDate "2014.11.20"]
[SourceQuality "1"]

1. e4 d6 2. d4 e6 3. f4 g6 4. Bd3 Bg7 5. Nf3 b6 6. Nc3 Bb7 7. Be3 Nd7 8. Qd2 h6 9. 0-0 Ne7 10. Rae1 a6 11. f5 exf5 12. exf5 g5 13. h3 0-0 14. Nh2 Ra7 15. Ng4 f6 16. Bf2 h5 17. Nh2 Nd5 18. Nxd5 Bxd5 19. c4 Bb7 20. Qe2 c5 21. Qxh5 cxd4 22. Bxd4 Ra8 23. Ng4 Ne5 24. Bxe5 dxe5 25. Rd1 Qd4+ 26. Kh2 e4 27. Bc2 Qxc4 28. Bb3 Qxb3 29. axb3 Bc6 30. Nh6+ Bxh6 31. Qxh6 Ra7 32. Qh5 g4 33. Rd6 gxh3 34. gxh3 Be8 35. Rg1+ Rg7 36. Rxg7+ Kxg7 37. Qg4+ Kh8 38. Rxb6 e3 39. Rb7 Rg8 40. Qh4+ Bh5 41. Qxh5# 1-0

[Event "Mittelfranken-ch HT 61st"]
[Site "Weissenburg"]
[Date "2012.04.02"]
[Round "1"]
[White "Link, Andreas"]
[Black "Horndasch, Lulu"]
[Result "1-0"]
[WhiteElo "1970"]
[BlackElo "1598"]
[PlyCount "95"]
[EventDate "2012.04.02"]
[EventType "swiss"]
[EventRounds "7"]
[EventCountry "GER"]
[SourceTitle "EXT 2015"]
[Source "ChessBase"]
[SourceDate "2014.11.20"]
[SourceVersion "1"]
[SourceVersionDate "2014.11.20"]
[SourceQuality "1"]

1. e4 b6 2. d4 Bb7 3. Nc3 e6 4. Bd3 Nf6 5. Qe2 Bb4 6. Bd2 a5 7. Nf3 h6 8. a3 Be7 9. e5 Nd5 10. Ne4 g5 11. c4 Nf4 12. Bxf4 gxf4 13. Qd2 d5 14. cxd5 Bxd5 15. Qxf4 Nd7 16. Rc1 Nf8 17. Bb5+ c6 18. Bxc6+ Bxc6 19. Rxc6 Ng6 20. Qe3 Nh4 21. Nxh4 Bxh4 22. Nd6+ Kf8 23. 0-0 Be7 24. Rfc1 Bxd6 25. exd6 Qf6 26. Rxb6 Rg8 27. g3 Rg5 28. Rc5 Rd5 29. Rxd5 exd5 30. Qe5 Kg7 31. d7 Qxe5 32. dxe5 h5 33. Rd6 Rd8 34. Rxd5 Kg6 35. f4 Kf5 36. b4 Ke4 37. Rd6 axb4 38. axb4 h4 39. Kf2 h3 40. Ke2 f5 41. exf6 Ra8 42. d8Q Ra2+ 43. Rd2 Rxd2+ 44. Qxd2 Kf5 45. f7 Kg4 46. Qd7+ Kh5 47. Qf5+ Kh6 48. f8B# 1-0

[Event "Mittelfranken-chTB2b 0809"]
[Site "Mittelfranken"]
[Date "2009.01.25"]
[Round "5.7"]
[White "Wittmann, Norbert"]
[Black "Horndasch, Lulu"]
[Result "1-0"]
[WhiteElo "1687"]
[BlackElo "1513"]
[PlyCount "85"]
[EventDate "2008.10.12"]
[EventType "team"]
[EventRounds "9"]
[EventCountry "GER"]
[SourceTitle "EXT 2011"]
[Source "ChessBase"]
[SourceDate "2010.11.26"]
[SourceVersion "1"]
[SourceVersionDate "2010.11.26"]
[SourceQuality "1"]
[WhiteTeam "Muehlhof/Schwabach"]
[BlackTeam "Gunzenhausen/Weissenburg II"]
[WhiteTeamCountry "GER"]
[BlackTeamCountry "GER"]

1. e4 b6 2. d4 Bb7 3. Bd3 e6 4. f4 Nf6 5. Qe2 Be7 6. Be3 d5 7. e5 Ne4 8. Nd2 Bb4 9. c3 Nxd2 10. Bxd2 Be7 11. Nf3 Bh4+ 12. g3 Be7 13. h4 Nd7 14. Ng5 Bxg5 15. hxg5 g6 16. 0-0-0 Qe7 17. Rh2 0-0-0 18. Rdh1 Nf8 19. g4 Qd7 20. f5 Kb8 21. Qf3 c5 22. fxe6 Qxe6 23. Rf1 cxd4 24. cxd4 Rd7 25. Qf6 Qxf6 26. gxf6 Ne6 27. Be3 Bc8 28. Rfh1 Nf8 29. Bh6 Rc7+ 30. Kd2 Bxg4 31. Bxf8 Rxf8 32. Rxh7 Rfc8 33. Ba6 Rc2+ 34. Ke3 R8c7 35. Rg7 b5 36. Rh8+ Bc8 37. Bxc8 Rxc8 38. Rxc8+ Kxc8 39. Rxf7 Rh2 40. Rxa7 Rh3+ 41. Kf4 Kb8 42. Re7 Rh5 43. Kg4 1-0

[Event "Mittelfranken-chTB2b 0809"]
[Site "Mittelfranken"]
[Date "2009.01.11"]
[Round "4.6"]
[White "Neugebauer, Artur"]
[Black "Horndasch, Lulu"]
[Result "1-0"]
[WhiteElo "1668"]
[BlackElo "1513"]
[PlyCount "56"]
[EventDate "2008.10.12"]
[EventType "team"]
[EventRounds "9"]
[EventCountry "GER"]
[SourceTitle "EXT 2011"]
[Source "ChessBase"]
[SourceDate "2010.11.26"]
[SourceVersion "1"]
[SourceVersionDate "2010.11.26"]
[SourceQuality "1"]
[WhiteTeam "Lauf II"]
[BlackTeam "Gunzenhausen/Weissenburg II"]
[WhiteTeamCountry "GER"]
[BlackTeamCountry "GER"]

1. e4 e5 2. Nf3 Nc6 3. Bc4 h6 4. 0-0 g5 5. d4 Bg7 6. dxe5 Nxe5 7. Nxe5 Bxe5 8. Bxf7+ Kxf7 9. Qd5+ Kg7 10. Qxe5+ Nf6 11. f4 d6 12. Qc3 g4 13. Be3 c5 14. Nd2 b5 15. e5 Nd5 16. Qd3 Nxe3 17. Qxe3 Re8 18. Ne4 Qb6 19. Nf6 Re6 20. Qe4 c4+ 21. Kh1 Rxf6 22. exf6+ Kxf6 23. Qxa8 Qc5 24. Rae1 Kf7 25. Qe4 Kg7 26. f5 h5 27. Qe7+ Kh6 28. Qf6+ Kh7 1-0

[Event "Mittelfranken-chTB2b 0809"]
[Site "Mittelfranken"]
[Date "2008.10.12"]
[Round "1.6"]
[White "Horndasch, Lulu"]
[Black "Frank, Werner1111"]
[Result "1-0"]
[WhiteElo "1513"]
[BlackElo "1857"]
[PlyCount "89"]
[EventDate "2008.10.12"]
[EventType "team"]
[EventRounds "9"]
[EventCountry "GER"]
[SourceTitle "EXT 2011"]
[Source "ChessBase"]
[SourceDate "2010.11.26"]
[SourceVersion "1"]
[SourceVersionDate "2010.11.26"]
[SourceQuality "1"]
[WhiteTeam "Gunzenhausen/Weissenburg II"]
[BlackTeam "Heilsbronn"]
[WhiteTeamCountry "GER"]
[BlackTeamCountry "GER"]

1. e4 e5 2. Nf3 d6 3. Bc4 Be6 4. Bxe6 fxe6 5. d4 exd4 6. Nxd4 Nf6 7. Bg5 Qd7 8. f3 c5 9. Ne2 Nc6 10. c3 h6 11. Bh4 g5 12. Bf2 g4 13. Nf4 e5 14. Ng6 Rg8 15. Nxf8 Rxf8 16. Nd2 Qe6 17. Qa4 a6 18. c4 0-0-0 19. Nb3 gxf3 20. gxf3 Nd7 21. Nd2 Nb6 22. Qb3 Kc7 23. 0-0-0 Na5 24. Qc2 Naxc4 25. Nxc4 Qxc4 26. Qxc4 Nxc4 27. Rd3 Rg8 28. b3 Na5 29. Bg3 Nc6 30. Kb1 Rdf8 31. Rhd1 Rg6 32. Bh4 Nd4 33. Rf1 Rg2 34. Bg3 Kc6 35. f4 exf4 36. Rxf4 Rxf4 37. Bxf4 Re2 38. Rh3 Rxe4 39. Bxh6 d5 40. Bg7 Ne6 41. Rh6 d4 42. h4 Kb5 43. Bf6 d3 44. Bc3 Nd4 45. a4# 1-0